15 Most Planted Wine Grape Varieties - Statistics

General Stats
  • This quiz has been taken 60 times
  • The average score is 8 of 15
Answer Stats
Rank Grape Variety Vineyard Area (ha) % Correct
5 Chardonnay 201,649
93%
6 Syrah / Shiraz 181,185
87%
10 Pinot Noir / Blauer Burgunder / Spätburgunder 105,480
83%
1 Cabernet Sauvignon 310,671
80%
2 Merlot 266,440
80%
8 Sauvignon Blanc 124,700
77%
14 Malbec / Côt 52,233
73%
13 Riesling 54,106
73%
7 Garnacha Tinta / Grenache Noir 150,096
53%
11 Sangiovese / Brunello / Nielluccio 73,464
43%
3 Tempranillo / Tinta Roriz 219,379
43%
15 Mourvèdre / Monastrell / Mataro 51,930
17%
9 Trebbiano Toscano / Ugni Blanc 120,343
7%
4 Airén 203,801
3%
12 Bobal 59,189
0%
No matching quizzes found
Score Distribution
Percent of People with Each Score
Percentile by Number Answered
Your Score History
You have not taken this quiz